Catálogo

DOCTRINA CRISTIANA CURSO SUPERIOR (Registro nro. 13018)

Detalles MARC
000 -LEADER
fixed length control field 00382nam a2200157 a 4500
001 - CONTROL NUMBER
control field 13018
005 - DATE AND TIME OF LATEST TRANSACTION
control field 20180713201341.0
008 - FIXED-LENGTH DATA ELEMENTS--GENERAL INFORMATION
fixed length control field 140415s1990 mx 000 0 spa d
041 ## - LANGUAGE CODE
Language code of text/sound track or separate title spa
082 ## - DEWEY DECIMAL CLASSIFICATION NUMBER
Classification number 238
Item number DOC
245 00 - TITLE STATEMENT
Title DOCTRINA CRISTIANA CURSO SUPERIOR
250 ## - EDITION STATEMENT
Edition statement 14ed.
260 ## - PUBLICATION, DISTRIBUTION, ETC.
Place of publication, distribution, etc. MEXICO :
Name of publisher, distributor, etc. PROGRESO,
Date of publication, distribution, etc. 1990
300 ## - PHYSICAL DESCRIPTION
Extent 320
650 14 - SUBJECT ADDED ENTRY--TOPICAL TERM
Topical term or geographic name entry element CATECISMOS
Existencias
Withdrawn status Lost status Source of classification or shelving scheme Damaged status Not for loan Collection code Home library Current library Shelving location Date acquired Source of acquisition Inventory number Total Checkouts Full call number Barcode Date last seen Price effective from Koha item type
    Dewey Decimal Classification     General Biblioteca Karol Wojtyla Biblioteca Karol Wojtyla Sala general 03/12/2013 Compra 151000000000000000056807   238 DOC 29743 05/01/2026 03/12/2013 Libro